La filosofía contemporánea en Alemania (Record no. 187920)
[ view plain ]
| 000 -LEADER | |
|---|---|
| campo de control de longitud fija | 00849nam a2200193 i 4500 |
| 001 - NÚMERO DE CONTROL | |
| campo de control | 187920 |
| 003 - IDENTIFICADOR DE NÚMERO DE CONTROL | |
| campo de control | ES-MaACL |
| 005 - FECHA Y HORA DE LA ÚLTIMA TRANSACCIÓN | |
| campo de control | 20250727190110.0 |
| 008 - DATOS DE LONGITUD FIJA--INFORMACIÓN GENERAL | |
| campo de control de longitud fija | 180326s1927 sp |||| | spa d |
| 100 0# - ENTRADA PRINCIPAL--NOMBRE DE PERSONA | |
| Nombre de persona | Ibeas, Bruno. |
| 9 (RLIN) | 64986 |
| 245 13 - MENCIÓN DEL TÍTULO | |
| Título | La filosofía contemporánea en Alemania |
| Resto del título | : conferencia dada el 23 de noviembre de 1927 / |
| Mención de responsabilidad, etc. | por Bruno Ibeas. |
| 260 ## - PUBLICACIÓN, DISTRIBUCIÓN, ETC. | |
| Lugar de publicación, distribución, etc. | Madrid : |
| Nombre del editor, distribuidor, etc. | [s.n.], |
| Fecha de publicación, distribución, etc. | 1927 ( |
| Fabricante | Blass tipogragía) |
| 300 ## - DESCRIPCIÓN FÍSICA | |
| Extensión | 29 p. ; |
| Dimensiones | 23 cm. |
| 490 1# - MENCIÓN DE SERIE | |
| Mención de serie | Conferencias dadas en el Centro de intercambio intelectual germano-español ; |
| Designación de volumen o secuencia | 17 |
| 650 #4 - PUNTO DE ACCESO ADICIONAL DE MATERIA--TÉRMINO DE MATERIA | |
| Término de materia o nombre geográfico como elemento de entrada | Filosofía- |
| Subdivisión geográfica | Alemania- |
| Subdivisión cronológica | S.XX. |
| 9 (RLIN) | 164446 |
| 830 00 - PUNTO DE ACCESO ADICIONAL DE SERIE-TÍTULO UNIFORME | |
| Título uniforme | Conferencias dadas en el Centro de Intercambio Intelectual Germano-Español |
| Designación de volumen o secuencia | 17 |
| 9 (RLIN) | 192904 |
| 852 ## - LOCALIZACIÓN | |
| Ubicación | ES-MaACL |
| Número de control de estantería | C-8111(13) |
| Nota libre | .-Donat. del Centro de Intercambio Intelectual Germano-Español (Madrid) |
| Estatus retirado | Estado de pérdida | Estado de daño | No para préstamo | Biblioteca de origen | Biblioteca actual | Ubicación en estantería | Fecha de adquisición | Fuente de adquisición | Total de préstamos | Signatura topográfica completa | Código de barras | Visto por última vez | Precio de reemplazo | Tipo de ítem Koha |
|---|---|---|---|---|---|---|---|---|---|---|---|---|---|---|
| Biblioteca del Ateneo de Madrid | Biblioteca del Ateneo de Madrid | Sala Palomar | 26/03/2018 | C-8111(13) | 1198572 | 23/02/2023 | 23/02/2023 | Libro impreso |
